|
|
|
|
| LEADER |
01241nam a22003012a 4500 |
| 001 |
000818502 |
| 003 |
CZ BrMZK |
| 005 |
20060601110953.0 |
| 007 |
ta |
| 008 |
060601s1988 xr er|||||||||||cze d |
| 040 |
|
|
|a BOA001
|b cze
|
| 080 |
9 |
|
|a 617(437.10)"1882/1982"
|
| 245 |
0 |
0 |
|a Sto let První chirurgické kliniky fakulty všeobecného lékařství Karlovy univerzity :
|b sborník /
|c sestavili František Choc, Jaroslav Lichtenberg, Marie Pešková ... [et al.] ; předmluva Vladimír Balaš ; foto Jaroslav Lapač
|
| 250 |
|
|
|a 2., dopln. vyd.
|
| 260 |
|
|
|a Praha :
|b MON,
|c 1988
|
| 300 |
|
|
|a 129 s. :
|b il. ;
|c 23 cm
|
| 550 |
|
|
|a Vydavatel: Univerzita Karlova
|
| 700 |
1 |
|
|a Pešková, Marie,
|d 1935-2008
|7 nlk19990073694
|4 com
|
| 700 |
1 |
|
|a Balaš, Vladimír,
|d 1924-2017
|7 jk01010620
|4 wfw
|
| 700 |
1 |
|
|a Choc, František,
|d 1934-2008
|7 jk01050270
|4 com
|
| 700 |
1 |
|
|a Lapač, Jaroslav
|4 pht
|
| 700 |
1 |
|
|a Lichtenberg, Jaroslav,
|d 1906-1997
|7 jk01072111
|4 com
|
| 710 |
2 |
|
|a Univerzita Karlova
|7 kn20010710036
|
| 910 |
|
|
|a BOA001
|b 2-0955.797
|
| 964 |
|
|
|a Univerzita Karlova - 1. chirurgická klinika - r. 1882-1982
|
| 990 |
|
|
|a BK
|
| 995 |
|
|
|a 01
|
| 996 |
6 |
|
|b 2619343432
|c 2-0955.797
|l MZK
|r Sklad / do 1 hodiny
|n 0
|w 000818502
|u 000010
|a 1
|e BOA001
|j MZK50
|s P
|